UM Logo

Research process in physical education and sports management/ (Record no. 11823)

MARC details
000 -LEADER
fixed length control field 00994nam a22001937a 4500
008 - FIXED-LENGTH DATA ELEMENTS--GENERAL INFORMATION
fixed length control field 190108b ||||| |||| 00| 0 eng d
020 ## - INTERNATIONAL STANDARD BOOK NUMBER
International Standard Book Number 9788183765848
082 ## - DEWEY DECIMAL CLASSIFICATION NUMBER
Edition number 2018
Classification number DC 796.07
Item number R639
100 ## - MAIN ENTRY--PERSONAL NAME
Personal name Rokade, P.R.
9 (RLIN) 32906
245 ## - TITLE STATEMENT
Title Research process in physical education and sports management/
Statement of responsibility, etc. P.R. Rokade
260 ## - PUBLICATION, DISTRIBUTION, ETC. (IMPRINT)
Place of publication, distribution, etc. Jaipur:
Name of publisher, distributor, etc. ABD Publishers,
Date of publication, distribution, etc. ©2018
300 ## - PHYSICAL DESCRIPTION
Extent viii, 296 pages:
Other physical details illustrations;
Dimensions 23 cm.
500 ## - GENERAL NOTE
General note Includes bibliographical references and index.
521 ## - TARGET AUDIENCE NOTE
Target audience note CONTENTS:<br/><br/>• Preface<br/>• Introduction<br/>• Methods of Research<br/>• Experimental Research<br/>• Sampling<br/>• Research Proposal and Report<br/>• Introduction to Sports Management<br/>• Programme Management<br/>• Equipments and Public Relations<br/>• Curriculum<br/>• Curriculum Sources<br/>• Bibliography<br/>• Index<br/>
650 ## - SUBJECT ADDED ENTRY--TOPICAL TERM
Topical term or geographic name as entry element Physical education -- education and research
9 (RLIN) 33666
650 ## - SUBJECT ADDED ENTRY--TOPICAL TERM
Topical term or geographic name as entry element sports management -- education and research
9 (RLIN) 33667
365 ## - TRADE PRICE
Price amount 5,320.00
Currency code Php
942 ## - ADDED ENTRY ELEMENTS (KOHA)
Source of classification or shelving scheme Dewey Decimal Classification
Koha item type Circulation
Holdings
Withdrawn status Lost status Source of classification or shelving scheme Damaged status Not for loan Collection code Home library Current library Shelving location Date acquired Source of acquisition Cost, normal purchase price Total Checkouts Full call number Barcode Date last seen Price effective from Koha item type
    Dewey Decimal Classification     Circulation UM Digos College - LIC UM Digos College - LIC Book Cart 08/16/2018 Purchased 5320.00   DC 796.07 R639 ©2018 25229 05/15/2025 01/08/2019 Circulation